Devinez le Département Mystère #25 - Statistiques

Statistiques générales
  • Ce quiz a été pris 178 fois
  • Le résultat moyen est 28 sur 32
Statistiques - réponses
Type de Réponse Réponse % Correct
Lettre de l'Alphabet A
99%
Lettre Trouvée E
99%
Lettre de l'Alphabet R
99%
Lettre de l'Alphabet I
98%
Lettre de l'Alphabet N
98%
Lettre de l'Alphabet O
98%
Lettre Bien Placée E
97%
Lettre de l'Alphabet L
97%
Lettre Trouvée S
97%
Lettre Trouvée U
97%
Lettre de l'Alphabet H
96%
Lettre de l'Alphabet T
95%
Lettre de l'Alphabet C
94%
Lettre de l'Alphabet D
93%
Lettre de l'Alphabet V
92%
Lettre Trouvée M
87%
Lettre de l'Alphabet P
87%
Lettre de l'Alphabet B
86%
Lettre de l'Alphabet G
86%
Lettre de l'Alphabet Y
86%
Lettre de l'Alphabet J
82%
Lettre Bien Placée M
81%
Lettre Bien Placée U
80%
Lettre de l'Alphabet F
79%
Lettre de l'Alphabet Q
79%
Lettre de l'Alphabet Z
79%
Lettre de l'Alphabet X
78%
Lettre Bien Placée E
76%
Lettre de l'Alphabet K
76%
Département Mystère Meuse
76%
Lettre Bien Placée S
76%
Lettre de l'Alphabet W
76%
Aucun quiz correspondant
Distribution des résultats
% des personnes avec chaque résultat
Percentile par nombre de réponses
Votre historique - résultats
Vous n’avez pas pris ce quiz